Music Quiz

Random Music or Bands Quiz

Name the vocalist Quiz Stats

Quiz not verified by Sporcle

Challenge
Share
Tweet
Embed
Score 0/81 Timer 10:00
0 Plays Today
Band Vocalist % Correct
Bon JoviJon Bon Jovi
79.5%
Led ZeppelinRobert Plant
77.3%
AerosmithSteven Tyler
70.5%
NirvanaKurt Cobain
65.9%
Green DayBillie Joe Armstrong
61.4%
The BeatlesJohn Lennon
61.4%
Van HalenDavid Lee Roth
59.1%
Foo FightersDave Grohl
59.1%
Guns n' RosesAxl Rose
56.8%
ColdplayChris Martin
54.5%
Pearl JamEddie Vedder
52.3%
White ZombieRob Zombie
50%
NickelbackChad Kroeger
50%
EvanescenceAmy Lee
47.7%
MetallicaJames Hetfield
45.5%
Nine Inch NailsTrent Reznor
45.5%
Linkin ParkChester Bennington
43.2%
AC/DCBrian Johnson
43.2%
The [name] ExperienceJimi Hendrix
43.2%
No DoubtGwen Stefani
43.2%
SoundgardenChris Cornell
43.2%
My Chemical RomanceGerard Way
40.9%
30 Seconds to MarsJared Leto
40.9%
AC/DCBon Scott
40.9%
Red Hot Chili PeppersAnthony Kiedis
40.9%
PoisonBret Michaels
38.6%
SlipknotCorey Taylor
36.4%
Band Vocalist % Correct
ParamoreHayley Williams
36.4%
Blink-182Tom Delonge
34.1%
Motley CrueVince Neil
34.1%
ChickenfootSammy Hagar
31.8%
Stone Temple PilotsScott Weiland
31.8%
INXSMichael Hutchence
29.5%
MuseMatthew Bellamy
27.3%
Alice in ChainsLayne Staley
27.3%
Fall Out BoyPatrick Stump
25%
GarbageShirley Manson
25%
Avenged SevenfoldM Shadows
20.5%
Good CharlotteJoel Madden
20.5%
The Pretty RecklessTaylor Momsen
15.9%
The OffspringDexter Holland
15.9%
System of DownSerj Tankian
15.9%
Black Veil BridesAndy Sixx
13.6%
PlaceboBrian Molko
13.6%
MotorheadLemmy Kilmister
13.6%
MurderdollsWednesday 13
11.4%
The UsedBert McCracken
11.4%
Cradle of FilthDani Filth
11.4%
Papa RoachJacoby Shaddix
11.4%
Faith No MoreMike Patton
11.4%
Bullet for my ValentineMatt Tuck
9.1%
ToolMaynard James Keenan
9.1%
SilverchairDaniel Johns
9.1%
KornJohnathan Davis
6.8%
Band Vocalist % Correct
Escape the FateCraig Mabbitt
6.8%
OtepOtep Shamaya
6.8%
Alter BridgeMyles Kennedy
6.8%
AFIDavey Havok
6.8%
Lacuna CoilChristina Scabbia
6.8%
Children of BodomAlexi Laiho
6.8%
Static-XWayne Static
6.8%
PanteraPhil Anselmo
6.8%
Tokio HotelBill Kaulitz
6.8%
LostProphetsIan Watkins
6.8%
Falling in ReverseRonnie Radke
4.5%
The Ting TingsKatie White
4.5%
AtreyuAlex Varkatzas
2.3%
In this MomentMaria Brink
2.3%
From First to LastMatt Good
2.3%
WolfmotherAndrew Stockdale
2.3%
FlyleafLacey Sturm
2.3%
The AgonistAlissa White Gluz
2.3%
MudvayneChad Gray
2.3%
Arch EnemyAngela Gossow
2.3%
SeetherShaun Morgan
2.3%
UnderoathSpencer Chamberlain
2.3%
Machine HeadRobb Flynn
2.3%
RammsteinTil Lindermann
0%
Burn HaloJames Hart
0%
The Dillinger Escape PlanGreg Puciato
0%
cKyDeron Miller
0%

You're not logged in!

Compare scores with friends on all Sporcle quizzes.
Join for Free
OR
Log In

You Might Also Like...

Show Comments

Extras

Top Quizzes Today


Score Distribution

Your Account Isn't Verified!

In order to create a playlist on Sporcle, you need to verify the email address you used during registration. Go to your Sporcle Settings to finish the process.

Report this User

Report this user for behavior that violates our Community Guidelines.

Details: